| 000 | 00524nam a2200169Ia 4500 | ||
|---|---|---|---|
| 005 | 20250424120308.0 | ||
| 008 | 250424s9999 xx 000 0 und d | ||
| 022 | _a15487091 | ||
| 050 | _aQH 319.A1 .N388/ | ||
| 245 | 0 | _aNature methods | |
| 260 | _aNew York | ||
| 260 | _bNature Pub. Group | ||
| 260 | _c2007 | ||
| 300 | _aii. , 658 p. : ill. ; 28 cm. | ||
| 650 | _aBiology--Research--Periodicals Biology--Methodology--Periodicals Biomedical Research--methods--Periodicals Research Design--Periodicals. | ||
| 942 | _cSR | ||
| 999 |
_c38503 _d38503 |
||